NFL/College Starting Lineup - San Francisco 49ers - Statistics

General Stats
  • This quiz has been taken 16 times
  • The average score is 15 of 23
Answer Stats
POS Player College % Correct
TE George Kittle Iowa
100%
WR Ricky Pearsall Florida
94%
QB Brock Purdy Iowa State
94%
WLB Nick Bosa Ohio State
94%
RB Christian McCaffrey Stanford
94%
NT Alfred Collins Texas
94%
WR Mike Evans Texas A&M
94%
WR Christian Kirk Texas A&M
94%
SLB Mykel Williams Georgia
81%
LT Trent Williams Oklahoma
69%
CB Deommodore Lenoir Oregon
69%
RILB Fred Warner BYU
63%
C Jake Brendel UCLA
63%
RDE Osa Odighizuwa UCLA
63%
CB Renardo Green Florida State
56%
RG Dominick Puni Kansas
56%
SS Ji'Ayir Brown Penn State
56%
LDE CJ West Indiana
44%
FS Malik Mustapha Wake Forest
31%
RT Colton McKivitz West Virginia
31%
LILB Dre Greenlaw Arkansas
25%
NB Upton Stout Western Kentucky
19%
LG Robert Jones Middle Tennessee
6%
No matching quizzes found
Score Distribution
Percent of People with Each Score
Percentile by Number Answered
Your Score History
You have not taken this quiz